<?xml version="1.0" encoding="UTF-8"?>
<record
    xmlns:xsi="http://www.w3.org/2001/XMLSchema-instance"
    xsi:schemaLocation="http://www.loc.gov/MARC21/slim http://www.loc.gov/standards/marcxml/schema/MARC21slim.xsd"
    xmlns="http://www.loc.gov/MARC21/slim">

  <leader>00940nam a2200277 ia4500</leader>
  <controlfield tag="003">OSt</controlfield>
  <controlfield tag="005">20251118153111.0</controlfield>
  <controlfield tag="008">251118s2024    my a   jd     000 1 may d</controlfield>
  <datafield tag="020" ind1=" " ind2=" ">
    <subfield code="a">9789672435075</subfield>
    <subfield code="c">RM 25.00</subfield>
    <subfield code="q">paperback</subfield>
  </datafield>
  <datafield tag="040" ind1=" " ind2=" ">
    <subfield code="a">PPAK</subfield>
    <subfield code="b">eng</subfield>
    <subfield code="c">PPAK</subfield>
    <subfield code="e">rda</subfield>
  </datafield>
  <datafield tag="082" ind1="0" ind2="4">
    <subfield code="2">23</subfield>
    <subfield code="a">899.2333</subfield>
  </datafield>
  <datafield tag="090" ind1="0" ind2="0">
    <subfield code="a">899.2333</subfield>
    <subfield code="b">EMI</subfield>
    <subfield code="d">K</subfield>
  </datafield>
  <datafield tag="100" ind1="0" ind2=" ">
    <subfield code="a">Emila Yusof, </subfield>
    <subfield code="d">1969-</subfield>
    <subfield code="e">author,</subfield>
    <subfield code="e">illustrator.</subfield>
  </datafield>
  <datafield tag="245" ind1="1" ind2="0">
    <subfield code="a">Pohon Kenangan /</subfield>
    <subfield code="c">Emila Yusof ; Hak Cipta Teks/Ilustrator: Emila Yusof ; Editor: Zalila Isa</subfield>
  </datafield>
  <datafield tag="264" ind1=" " ind2="1">
    <subfield code="a">Johor Bahru, Johor : </subfield>
    <subfield code="b">Dua Penulis PLT, </subfield>
    <subfield code="c">[2024]</subfield>
  </datafield>
  <datafield tag="300" ind1=" " ind2=" ">
    <subfield code="a">1 volume (unpaged) : </subfield>
    <subfield code="b">colour illustrations ; </subfield>
    <subfield code="c">26 cm</subfield>
  </datafield>
  <datafield tag="336" ind1=" " ind2=" ">
    <subfield code="a">text</subfield>
    <subfield code="2">rdacontent</subfield>
  </datafield>
  <datafield tag="337" ind1=" " ind2=" ">
    <subfield code="a">unmediated</subfield>
    <subfield code="2">rdamedia</subfield>
  </datafield>
  <datafield tag="338" ind1=" " ind2=" ">
    <subfield code="a">volume</subfield>
    <subfield code="2">rdacarrier</subfield>
  </datafield>
  <datafield tag="490" ind1="1" ind2=" ">
    <subfield code="a">SIRI NOSTALGIA</subfield>
  </datafield>
  <datafield tag="650" ind1="1" ind2="4">
    <subfield code="a">Stories in rhyme, Malay </subfield>
  </datafield>
  <datafield tag="650" ind1="2" ind2="0">
    <subfield code="a">Children's stories, Malay</subfield>
  </datafield>
  <datafield tag="700" ind1="0" ind2=" ">
    <subfield code="a">Zalila Isa, </subfield>
    <subfield code="e">editor.</subfield>
  </datafield>
  <datafield tag="830" ind1=" " ind2="0">
    <subfield code="a">Siri nostalgia</subfield>
  </datafield>
  <datafield tag="942" ind1=" " ind2=" ">
    <subfield code="2">ddc</subfield>
    <subfield code="c">B</subfield>
  </datafield>
  <datafield tag="999" ind1=" " ind2=" ">
    <subfield code="c">201617</subfield>
    <subfield code="d">201617</subfield>
  </datafield>
  <datafield tag="952" ind1=" " ind2=" ">
    <subfield code="0">0</subfield>
    <subfield code="7">0</subfield>
    <subfield code="b">PPAK</subfield>
    <subfield code="c">K</subfield>
    <subfield code="d">2025-11-20</subfield>
    <subfield code="l">0</subfield>
    <subfield code="o">K 899.2333 EMI</subfield>
    <subfield code="p">A01883727</subfield>
    <subfield code="r">2025-11-20 10:58:42</subfield>
    <subfield code="y">B</subfield>
  </datafield>
  <datafield tag="952" ind1=" " ind2=" ">
    <subfield code="0">0</subfield>
    <subfield code="7">0</subfield>
    <subfield code="b">SP</subfield>
    <subfield code="c">K</subfield>
    <subfield code="d">2025-11-20</subfield>
    <subfield code="l">0</subfield>
    <subfield code="o">K 899.2333 EMI</subfield>
    <subfield code="p">A01883728</subfield>
    <subfield code="r">2025-11-20 10:58:42</subfield>
    <subfield code="y">B</subfield>
  </datafield>
  <datafield tag="952" ind1=" " ind2=" ">
    <subfield code="0">0</subfield>
    <subfield code="7">0</subfield>
    <subfield code="b">JT</subfield>
    <subfield code="c">K</subfield>
    <subfield code="d">2025-11-20</subfield>
    <subfield code="l">0</subfield>
    <subfield code="o">K 899.2333 EMI</subfield>
    <subfield code="p">A01883729</subfield>
    <subfield code="r">2025-11-20 10:58:42</subfield>
    <subfield code="y">B</subfield>
  </datafield>
  <datafield tag="952" ind1=" " ind2=" ">
    <subfield code="0">0</subfield>
    <subfield code="7">0</subfield>
    <subfield code="b">LW</subfield>
    <subfield code="c">K</subfield>
    <subfield code="d">2025-11-20</subfield>
    <subfield code="l">0</subfield>
    <subfield code="o">K 899.2333 EMI</subfield>
    <subfield code="p">A01883730</subfield>
    <subfield code="r">2025-11-20 10:58:42</subfield>
    <subfield code="y">B</subfield>
  </datafield>
  <datafield tag="952" ind1=" " ind2=" ">
    <subfield code="0">0</subfield>
    <subfield code="7">0</subfield>
    <subfield code="b">MR</subfield>
    <subfield code="c">K</subfield>
    <subfield code="d">2025-11-20</subfield>
    <subfield code="l">0</subfield>
    <subfield code="o">K 899.2333 EMI</subfield>
    <subfield code="p">A01883734</subfield>
    <subfield code="r">2025-11-20 10:58:42</subfield>
    <subfield code="y">B</subfield>
  </datafield>
  <datafield tag="952" ind1=" " ind2=" ">
    <subfield code="0">0</subfield>
    <subfield code="7">0</subfield>
    <subfield code="b">YN</subfield>
    <subfield code="c">K</subfield>
    <subfield code="d">2025-11-20</subfield>
    <subfield code="l">0</subfield>
    <subfield code="o">K 899.2333 EMI</subfield>
    <subfield code="p">A01883735</subfield>
    <subfield code="r">2025-11-20 10:58:42</subfield>
    <subfield code="y">B</subfield>
  </datafield>
  <datafield tag="952" ind1=" " ind2=" ">
    <subfield code="0">0</subfield>
    <subfield code="7">0</subfield>
    <subfield code="b">KN</subfield>
    <subfield code="c">K</subfield>
    <subfield code="d">2025-11-20</subfield>
    <subfield code="l">0</subfield>
    <subfield code="o">K 899.2333 EMI</subfield>
    <subfield code="p">A01883737</subfield>
    <subfield code="r">2025-11-20 10:58:42</subfield>
    <subfield code="y">B</subfield>
  </datafield>
  <datafield tag="952" ind1=" " ind2=" ">
    <subfield code="0">0</subfield>
    <subfield code="7">0</subfield>
    <subfield code="b">PG</subfield>
    <subfield code="c">K</subfield>
    <subfield code="d">2025-11-20</subfield>
    <subfield code="l">0</subfield>
    <subfield code="o">K 899.2333 EMI</subfield>
    <subfield code="p">A01883738</subfield>
    <subfield code="r">2025-11-20 10:58:42</subfield>
    <subfield code="y">B</subfield>
  </datafield>
</record>
